Main Allied Powers in WWII - Statistics

General Stats
  • This quiz has been taken 1,107 times
  • The average score is 11 of 16
Answer Stats
Hint Answer % Correct
United States
98%
United Kingdom
97%
France
96%
Soviet Union
93%
Canada
85%
Australia
82%
China
81%
Poland
71%
Belgium
68%
New Zealand
66%
Norway
64%
Greece
62%
Brazil
51%
Yugoslavia
50%
Portugal
31%
Phillipines
8%
No matching quizzes found
Score Distribution
Percent of People with Each Score
Percentile by Number Answered
Your Score History
You have not taken this quiz